Bài tập xác suất và thống kê
Cuốn "Bài tập xác suất và thống kê" được biên soạn tiếp theo cuốn "Lí thuyết xác suất và thống kê". Ở mỗi mục, hay chương khi không phân ra các mục nhỏ, đều có phần tóm tắt lí thuyết, các ví dụ và sau đó là các bài ta...
שמור ב:
| מחבר ראשי: | |
|---|---|
| פורמט: | ספר |
| שפה: | Undetermined |
| יצא לאור: |
Hà Nội
Giáo dục
2007
|
| נושאים: | |
| תגים: |
הוספת תג
אין תגיות, היה/י הראשונ/ה לתייג את הרשומה!
|
| Thư viện lưu trữ: | Trung tâm Học liệu Trường Đại học Cần Thơ |
|---|
| LEADER | 00991nam a2200217Ia 4500 | ||
|---|---|---|---|
| 001 | CTU_152135 | ||
| 008 | 210402s9999 xx 000 0 und d | ||
| 020 | |c 19900 | ||
| 082 | |a 519.2076 | ||
| 082 | |b G116 | ||
| 100 | |a Đinh, Văn Gắng | ||
| 245 | 0 | |a Bài tập xác suất và thống kê | |
| 245 | 0 | |c Đinh Văn Gắng | |
| 260 | |a Hà Nội | ||
| 260 | |b Giáo dục | ||
| 260 | |c 2007 | ||
| 520 | |a Cuốn "Bài tập xác suất và thống kê" được biên soạn tiếp theo cuốn "Lí thuyết xác suất và thống kê". Ở mỗi mục, hay chương khi không phân ra các mục nhỏ, đều có phần tóm tắt lí thuyết, các ví dụ và sau đó là các bài tập. | ||
| 650 | |a Mathematical statistics,Toán thống kê | ||
| 650 | |x Problems, exercises, etc,Bài tập | ||
| 904 | |i Kiều Nguyên | ||
| 980 | |a Trung tâm Học liệu Trường Đại học Cần Thơ | ||